000
00259nam a2200097Ia 4500
001
778820
005
20250826165932.0
008
250824s9999 xx 000 0 und d
245
0
_a
SON KUŞLAR
_c
SAİT FAİK ABASIYANIK
260
_b
TÜRKİYE İŞ BANKASI YAYINLARI
999
_c
778820
_d
778820